Discurso leído por Fermín Pérez Macías en el solemne acto de recibir la investidura de Doctor en la Facultad de Medicina de la Universidad Central el día 25 de noviembre de 1892. (Record no. 161890)

MARC details
000 -LEADER
campo de control de longitud fija 00892nam a2200193 i 4500
001 - NÚMERO DE CONTROL
campo de control 161890
003 - IDENTIFICADOR DE NÚMERO DE CONTROL
campo de control ES-MaACL
005 - FECHA Y HORA DE LA ÚLTIMA TRANSACCIÓN
campo de control 20250727021939.0
008 - DATOS DE LONGITUD FIJA--INFORMACIÓN GENERAL
campo de control de longitud fija 020913s1894 sp |||| | spa d
040 ## - FUENTE DE CATALOGACIÓN
Centro catalogador/agencia de origen CCPB | B
Lengua de catalogación spa
Centro/agencia transcriptor CCPB | B
100 1# - ENTRADA PRINCIPAL--NOMBRE DE PERSONA
Nombre de persona Pérez Macías, Fermín.
9 (RLIN) 131471
245 10 - MENCIÓN DEL TÍTULO
Título Discurso leído por Fermín Pérez Macías en el solemne acto de recibir la investidura de Doctor en la Facultad de Medicina de la Universidad Central el día 25 de noviembre de 1892.
260 ## - PUBLICACIÓN, DISTRIBUCIÓN, ETC.
Lugar de publicación, distribución, etc. Madrid :
Nombre del editor, distribuidor, etc. [s.n.],
Fecha de publicación, distribución, etc. 1894 (
Fabricante Imprenta Colonial, a cargo de G. Gutiérrez)
300 ## - DESCRIPCIÓN FÍSICA
Extensión 32 p. ;
Dimensiones 26 cm.
500 #1 - NOTA GENERAL
Nota general Título del discurso: "Causas de la criminalidad y su tratamiento en las penitenciarías"
650 #7 - PUNTO DE ACCESO ADICIONAL DE MATERIA--TÉRMINO DE MATERIA
Término de materia o nombre geográfico como elemento de entrada Antropología criminal
Fuente del encabezamiento o término embne
9 (RLIN) 9866
852 ## - LOCALIZACIÓN
Ubicación ES-MaACL
Número de control de estantería T-785-F-1
Nota libre -- Enc. hol. conservando la cub. original
-- -- Enc. en un vol. facticio
Holdings
Estatus retirado Estado de pérdida Estado de daño No para préstamo Colección Biblioteca de origen Biblioteca actual Ubicación en estantería Fecha de adquisición Total de préstamos Signatura topográfica completa Código de barras Visto por última vez Precio de reemplazo Tipo de ítem Koha
        Colección de folletos Biblioteca del Ateneo de Madrid Biblioteca del Ateneo de Madrid Depósito folletos 17/01/2008   T-785-F-1 1169581 23/02/2023 23/02/2023 Folleto